000 00914nam a2200253Ia 4500
003 OSt
005 20220923215738.0
006 a|||||r|||| 00| 0
007 ta
008 220922b |||||||| |||| 00| 0 hin d
024 _a181,432
037 _cTextual
040 _aARTS
_cARTS
_bhin
041 _2hin
_ahin
082 _aO152,1:g(P), M0
100 _aउप्रेती, कुन्दन लाल
245 0 _aआधुनिक हिन्दी कविता और ध्वनि सिद्धान्त
246 _aĀdhunik hindī kavitā aur dhvani siddhānta
260 _aअलीगढ़
_b जागृति प्रकाशन
_c1980
300 _a264 पृ.
_ccm.
650 _aहिन्दी साहित्य
_9156264
942 _hO152,1:g(P), M0
_cTEXL
_2CC
999 _c334809
_d334809